Система автоматизированного измерения и обработки электрических параметров ионно-модифицированных слоёв диэлектриков и тонких плёнок; Радиационная физика и химия неорганических материалов. РФХ - 2003

Dades bibliogràfiques
Parent link:Радиационная физика и химия неорганических материалов. РФХ - 2003.— 2003.— С. 8-9
Autor principal: Булычева А. А.
Altres autors: Шишигина Е. В., Рябцева М. А. Мария Александровна
Idioma:rus
Publicat: 2003
Matèries:
Format: MixedMaterials Capítol de llibre
KOHA link:https://koha.lib.tpu.ru/cgi-bin/koha/opac-detail.pl?biblionumber=106046

MARC

LEADER 00000naa2a2200000 4500
001 106046
005 20240131143739.0
035 |a (RuTPU)RU\TPU\book\114439 
090 |a 106046 
100 |a 20061130d2003 k y0rusy50 ca 
101 0 |a rus 
102 |a RU 
200 1 |a Система автоматизированного измерения и обработки электрических параметров ионно-модифицированных слоёв диэлектриков и тонких плёнок  |f А. А. Булычева, Е. В. Шишигина, М. А. Рябцева 
463 0 |0 (RuTPU)RU\TPU\book\62198  |y 5-99298-50-9  |t Радиационная физика и химия неорганических материалов. РФХ - 2003  |o Всероссийская школа-семинар, Томск, 23-27 сентября 2003 года  |o Тезисы докладов молодых ученых  |f Международный научно-технологический центр; Международная академия наук высшей школы  |v С. 8-9  |d 2003  |p 31 с. 
610 1 |a измерения 
610 1 |a системы измерения 
610 1 |a автоматизированное измерение 
610 1 |a электрические параметры 
610 1 |a ионно-модифицированные слои 
610 1 |a диэлектрики 
610 1 |a плёнки 
610 1 |a тонкие плёнки 
610 1 |a поверхности 
610 1 |a электрическая проводимость 
610 1 |a труды учёных ТПУ 
700 1 |a Булычева  |b А. А. 
701 1 |a Шишигина  |b Е. В. 
701 1 |a Рябцева  |b М. А.  |c специалист в области материаловедения  |c инженер-исследователь Томского политехнического университета, старший научный сотрудник  |f 1984-  |g Мария Александровна  |3 (RuTPU)RU\TPU\pers\33929  |9 17502 
801 1 |a RU  |b 63413507  |c 20061130  |g PSBO 
801 2 |a RU  |b 63413507  |c 20161209  |g PSBO 
942 |c BK